प्रतिनिधि रंगमंचीय एकांकी / (Record no. 112644)

MARC details
000 -LEADER
fixed length control field 01306nam a22002777a 4500
005 - DATE AND TIME OF LATEST TRANSACTION
control field 20170124102941.0
010 ## - LIBRARY OF CONGRESS CONTROL NUMBER
LC control number A-883209
020 ## - INTERNATIONAL STANDARD BOOK NUMBER
Terms of availability 250.00
035 ## - SYSTEM CONTROL NUMBER
System control number A-883209
037 ## - SOURCE OF ACQUISITION
Source of stock number/acquisition Cen Lib/Ret
040 ## - CATALOGING SOURCE
Original cataloging agency DPL
Language of cataloging HN
082 ## - DEWEY DECIMAL CLASSIFICATION NUMBER
Classification number 822
Item number प्रतिनि
245 ## - TITLE STATEMENT
Title प्रतिनिधि रंगमंचीय एकांकी /
Statement of responsibility, etc संपादक श्रीकृष्ण [एवम] योगेन्द्रकुमार लल्ला
246 ## - VARYING FORM OF TITLE
Title proper/short title Pratinidhi rangmanchiy ekanki /
Remainder of title sampadak Shrikrishan [and] Yogendrakumar Lalla
260 ## - PUBLICATION, DISTRIBUTION, ETC. (IMPRINT)
Place of publication, distribution, etc दिल्ली
Name of publisher, distributor, etc आत्माराम एंड संस
Date of publication, distribution, etc 1997
270 ## - ADDRESS
Address कश्मीरी गेट
City दिल्ली
Postal code 110006
300 ## - PHYSICAL DESCRIPTION
Extent 349पृ.
Dimensions 19सेमी(सजिल्द)
490 ## - SERIES STATEMENT
Series statement प्रतिनिधि साहित्य माला
650 ## - SUBJECT ADDED ENTRY--TOPICAL TERM
Topical term or geographic name as entry element हिंदी साहित्य
9 (RLIN) 48547
650 ## - SUBJECT ADDED ENTRY--TOPICAL TERM
Topical term or geographic name as entry element हिंदी साहित्य -- नाटक
9 (RLIN) 48548
650 ## - SUBJECT ADDED ENTRY--TOPICAL TERM
Topical term or geographic name as entry element Hindi literature
9 (RLIN) 48549
650 ## - SUBJECT ADDED ENTRY--TOPICAL TERM
Topical term or geographic name as entry element Hindi literature -- Drama
9 (RLIN) 48550
700 ## - ADDED ENTRY--PERSONAL NAME
Personal name श्रीकृष्ण
9 (RLIN) 48551
700 ## - ADDED ENTRY--PERSONAL NAME
Personal name लल्ला, योगेन्द्रकुमार
9 (RLIN) 45068
942 ## - ADDED ENTRY ELEMENTS (KOHA)
Source of classification or shelving scheme Dewey Decimal Classification
Koha item type Hindi Books
Classification part 822
Call number suffix प्रतिनि
Holdings
Withdrawn status Lost status Damaged status Not for loan Home library Current library Date acquired Source of acquisition Cost, normal purchase price Total Checkouts Full call number Barcode Date last seen Date checked out Copy number Cost, replacement price Price effective from Koha item type
        Central Library Central Library 10/08/2015 Cen Lib/Ret 250.00 1 822 प्रतिनि A-883209 30/07/2018 17/07/2018 1 250.00 10/08/2015 Hindi Books

© Delhi Public Library
Hit Counter
free hit counter